1471 1528 1072 1274 1995 1313 1097 1507 1724 1001 1927 1324 1451 1059 1906 1417 1590 1294 1204 1686 1120 1772 1548 1504 1588 1713 1274 1749 1364 1257 1642 1647 1619 1894 1508 1022 1578 1847 1073 1397 1856 1174 1147 1857 1731 1782 1788 1604 1369 1231 1076 1507 1047 1781 1704 1782 1288 1691 1880 1948 1661 1983 1158 1857 1083 1405 1341 1815 1265 1510 1773 1530 1248 1496 1768 1738 1173 1878 1306 1860 1822 1549 1177 1552 1959 1412 1353 1792 1162 1730 1732 1359 1187 1236 1972 1883 1361 1957 1795 BCNSPRNW ULIB Ver.6.0+V

เปลี่ยนเป็นภาษาไทย

Change to English
 แสดงรายละเอียดบรรณานุกรม
  กลับหน้าหลัก

Brief Record : Get Marc (ISO 2709) : E-mail record : QR code < ปิดหน้าต่าง
LEADER : 00000nam 2200000uu 4500
001    13399120982
003     ULIB
008    121029s2551||||th 000 0 tha d
020    ^a9746251228
040    ^acl
050  4 ^aHF574^bก781ก
100 0  ^aเกษกานดา สุภาพจน์
245 10 ^aการจัดสัมมนา /^cเกษกานดา สุภาพจน์
250    ^aพิมพ์ครั้งที่ 1
260    ^aกรุงเทพฯ :^bศูนย์ส่งเสริมวิชาการ,^c2551
300    ^a198, [2] : ^bภาพประกอบ ;^c26 ซม.
650  4 ^aการประชุม
945    ^p120^l0^i14889
995    ^aทศพร
999    ^aทศพร เกษรทอง
รายการนี้ยังไม่มีแท็ก
คุณยังไม่ได้ล็อกอิน คุณสามารถมีกิจกรรมร่วมกับเว็บไซต์ได้ แต่ต้องล็อกอินก่อน ::
  ล็อกอิน

รายการสื่อสารสนเทศ

ลำดับที่ ประเภท เลขเรียก/บาร์โค้ด สถานที่ สถานะ
1. วิทยาศาสตร์การแพทย์ และสุขภาพ
วิทยาศาสตร์การแพทย์ และสุขภาพ
HF574 ก781ก ฉ.1 
  Barcode: 14889
ห้องสมุดวิทยาเขตสวรรค์ประชารักษ์
►หนังสือทั่วไป
บนชั้น

รายการใกล้เคียง
    ผู้แต่ง [เกษกานดา สุภาพจน์]

    หัวเรื่อง [การประชุม]

BibComment


ยังไม่เคยถูกคอมเมนท์

คอมเมนท์ทรัพยากรรายการนี้
  คอมเมนท์: การจัดสัมมนา เก..


 Copyright 2026. Bcnsprnw @Library